| 000 | 00448 a2200169 4500 | ||
|---|---|---|---|
| 001 | 195231 | ||
| 020 | _a978-85-08-15400-5 | ||
| 040 | _cMagnum | ||
| 100 | _aPenteado, Maria Heloísa | ||
| 240 | 1 | 0 |
_aChapeuzinho vermelho : O príncipe-Rã ou Henrique de ferro _lpor |
| 245 | 1 | 0 | _aChapeuzinho vermelho : O príncipe-Rã ou Henrique de ferro |
| 300 | _a16 | ||
| 362 | 0 | _a2012 | |
| 440 | 1 | _aÁtica | |
| 697 | _aLITERATURA INFANTO | ||
| 942 | _cBK | ||
| 999 |
_c195231 _d195231 |
||